| 000 | 01077nam a22002657a 4500 | ||
|---|---|---|---|
| 005 | 20240530110630.0 | ||
| 008 | 170118s2015 ua g b 000 0 ara d | ||
| 017 |
_a2014/10363 _bمصر. دار الكتب |
||
| 020 | _a9789774384566 | ||
| 040 |
_aEG-CaGPL _cEG-CaGPL |
||
| 082 | 0 | 4 |
_221 _a302\ _bح ا |
| 100 | 0 | _aحسين عبدالحميد احمد رشوان | |
| 245 | 1 | 2 |
_aالاتجاهات و النظريات العلمية دراسة فى علم اجتماع العلم / _cحسين عبدالحميد احمد رشوان |
| 250 | _aط. 1 | ||
| 260 |
_aالاسكندرية : _bالمكتب الجامعى الحديث ، _c2015. |
||
| 300 |
_a295 ص. ؛ _c24 سم. |
||
| 490 | 0 |
_aسلسلة كتب علم الاجتماع ؛ _v94 |
|
| 504 | _aيشتمل على ارجاعات ببليوجرافية | ||
| 650 | 0 | 7 |
_2qrmak _aالاجتماع العلمى _xعلم |
| 650 | 0 | 7 |
_2qrmak _aالانثروبولوجيا |
| 650 | 0 | 7 |
_2qrmak _aالعلوم الاجتماعية |
| 651 | _2qrmak | ||
| 942 |
_2ddc _cBK |
||
| 999 |
_c63241 _d63241 |
||